000 00937nam a22002297a 4500
999 _c1747
_d1747
003 AR-CdUCM
008 190227b ||||| |||| 00| 0 spa d
020 _a9683649599
040 _aMUNICIPALIDAD PROVINCIAL DEL CUSCO
_cBIBLIOTECA MUNICIPAL DEL CUSCO
082 _a323.34 /
_bP51
100 _aPhillips, Anne
_96422
245 _aGénero y teoría democrática /
260 _aMéxico, D.F :
_bInstituto de Investigaciones Sociales, Programa Universitario de Estudios de Género, UNAM,
_c1996
300 _a183 paginas ;
_c23 cm.
505 _aFeminismo y democracia --Los debates clásicos --La representación de las mujeres --Espacios públicos, vidas privadas ...
650 _aDemocracia
_92598
650 _aOpinion publica
_96423
650 _aMujeres
_93760
710 _aUniversidad Nacional Autónoma de México. Programa Universitario de Estudios de Género.
_96424
942 _2ddc
_cLIBROS
945 _arjall
_d2019-02-27